[Event "Motiva Online Blitz (Women)"]
[Site "Chess.com INT"]
[Date "2021.12.18"]
[Round "13"]
[White "Engin, Cagla"]
[Black "Lobanova, Anna"]
[Result "1-0"]
[WhiteElo "1421"]
[BlackElo "1057"]
[PlyCount "49"]
[EventDate "2021.12.18"]
[EventType "swiss (blitz)"]
[EventRounds "13"]
[EventCountry "USA"]
[SourceTitle "CBM 205 Extra"]
[Source "ChessBase"]
[SourceDate "2022.01.31"]
[SourceVersion "1"]
[SourceVersionDate "2022.01.31"]
[SourceQuality "1"]

1. e4 c5 2. Nc3 d6 3. g3 Nf6 4. d3 g6 5. Bg2 Bg7 6. Be3 0-0 7. Qd2 a6 8. Nge2 Nc6 9. Bh6 Bd7 10. h4 b5 11. h5 b4 12. hxg6 fxg6 13. Nd5 Nxd5 14. Bxg7 Kxg7 15. Qh6+ Kf6 16. exd5 Ne5 17. Qf4+ Kg7 18. Qh6+ Kf6 19. f4 Nf7 20. Qh4+ g5 21. fxg5+ Nxg5 22. 0-0-0 e5 23. dxe6 Bxe6 24. Rdf1+ Kg7 25. Bxa8 1-0

[Event "Motiva Online Blitz (Women)"]
[Site "Chess.com INT"]
[Date "2021.12.18"]
[Round "6"]
[White "Lobanova, Anna"]
[Black "Hayrapetyan, Nvard"]
[Result "0-1"]
[WhiteElo "1057"]
[BlackElo "1403"]
[PlyCount "154"]
[EventDate "2021.12.18"]
[EventType "swiss (blitz)"]
[EventRounds "13"]
[EventCountry "USA"]
[SourceTitle "CBM 205 Extra"]
[Source "ChessBase"]
[SourceDate "2022.01.31"]
[SourceVersion "1"]
[SourceVersionDate "2022.01.31"]
[SourceQuality "1"]

1. d4 Nf6 2. e3 c5 3. Nf3 g6 4. Be2 Bg7 5. 0-0 0-0 6. dxc5 Nc6 7. Nc3 a6 8. a3 a5 9. Bd2 e5 10. Nb5 e4 11. Nfd4 Ne5 12. b4 Ne8 13. c3 a4 14. f3 d5 15. f4 Nc6 16. Rc1 Qh4 17. Be1 Qe7 18. Bg4 Bxg4 19. Qxg4 f5 20. Qh4 Bf6 21. Qh3 Kg7 22. g4 fxg4 23. Qxg4 Bxd4 24. Nxd4 Nxd4 25. cxd4 Nf6 26. Qg2 Qe6 27. Kh1 Nh5 28. Rg1 Rf5 29. Qg4 Raf8 30. Bh4 Kh8 31. Bg5 Kg7 32. Rg2 h6 33. Bh4 Kh7 34. Bf2 Rg8 35. h4 Nf6 36. Qh3 Nh5 37. Rcg1 Qf7 38. Kh2 Rf6 39. Kh1 Rf5 40. Bg3 Ng7 41. Kh2 Ne6 42. Rc1 Nf8 43. Re2 Nd7 44. Rec2 Nb8 45. b5 Qe7 46. c6 bxc6 47. bxc6 Qc7 48. Qg4 h5 49. Qh3 Rg7 50. Qg2 Rgf7 51. Qh3 Na6 52. Qf1 Nb8 53. Qb5 R5f6 54. Qb7 Rf5 55. Qxc7 Rxc7 56. Rc3 Kg7 57. R3c2 Kf7 58. Kh3 Ke6 59. Bf2 Kd6 60. Kg3 Rxc6 61. Rxc6+ Nxc6 62. Rc3 Kd7 63. Be1 Rf6 64. Bf2 Rf8 65. Be1 Rb8 66. Rc2 Rb3 67. Bf2 Rxa3 68. f5 Rb3 69. fxg6 Ne7 70. Kf4 Nxg6+ 71. Kg5 Ne7 72. Kxh5 a3 73. Kg5 Rb2 74. Rc1 Rxf2 75. h5 a2 76. h6 Rb2 77. h7 Rh2 0-1

[Event "Motiva Online Blitz (Women)"]
[Site "Chess.com INT"]
[Date "2021.12.18"]
[Round "9"]
[White "Lobanova, Anna"]
[Black "Provine, Shayna"]
[Result "0-1"]
[WhiteElo "1057"]
[BlackElo "1621"]
[PlyCount "48"]
[EventDate "2021.12.18"]
[EventType "swiss (blitz)"]
[EventRounds "13"]
[EventCountry "USA"]
[SourceTitle "CBM 205 Extra"]
[Source "ChessBase"]
[SourceDate "2022.01.31"]
[SourceVersion "1"]
[SourceVersionDate "2022.01.31"]
[SourceQuality "1"]

1. d4 Nf6 2. e3 e6 3. Nf3 b6 4. Be2 Bb7 5. 0-0 Be7 6. Nbd2 d5 7. b3 0-0 8. Bb2 c5 9. c4 Nbd7 10. Rc1 Rc8 11. Ne5 Ne8 12. f4 f6 13. Nxd7 Qxd7 14. dxc5 bxc5 15. cxd5 exd5 16. Bf3 Kh8 17. e4 d4 18. Nc4 Nd6 19. Nxd6 Bxd6 20. Bg4 Qe7 21. Bxc8 Rxc8 22. g3 Qxe4 23. Kf2 Qg2+ 24. Ke1 Re8+ 0-1

[Event "Motiva Online Blitz (Women)"]
[Site "Chess.com INT"]
[Date "2021.12.18"]
[Round "5"]
[White "Peycheva, Gergana"]
[Black "Lobanova, Anna"]
[Result "1-0"]
[WhiteElo "2342"]
[BlackElo "1057"]
[PlyCount "49"]
[EventDate "2021.12.18"]
[EventType "swiss (blitz)"]
[EventRounds "13"]
[EventCountry "USA"]
[SourceTitle "CBM 205 Extra"]
[Source "ChessBase"]
[SourceDate "2022.01.31"]
[SourceVersion "1"]
[SourceVersionDate "2022.01.31"]
[SourceQuality "1"]

1. d4 d5 2. c4 e6 3. Nc3 Nf6 4. Nf3 b6 5. Bg5 Be7 6. e3 Bb7 7. Bd3 Nbd7 8. 0-0 0-0 9. Rc1 Rc8 10. Qe2 c5 11. cxd5 Nxd5 12. Bxe7 Qxe7 13. Bb1 Nxc3 14. bxc3 cxd4 15. exd4 Nf6 16. Ne5 Nd5 17. Qd2 f6 18. Nd3 b5 19. Rfe1 Rfe8 20. Nc5 Nb6 21. Rxe6 Qf7 22. Rxe8+ Rxe8 23. Qd3 g6 24. Qxb5 Qd5 25. Qxe8+ 1-0